<?xml version="1.0" encoding="UTF-8"?>
<record
    xmlns:xsi="http://www.w3.org/2001/XMLSchema-instance"
    xsi:schemaLocation="http://www.loc.gov/MARC21/slim http://www.loc.gov/standards/marcxml/schema/MARC21slim.xsd"
    xmlns="http://www.loc.gov/MARC21/slim">

  <leader>01104njm a22002897a 4500</leader>
  <controlfield tag="005">20100913100347.0</controlfield>
  <controlfield tag="007">sd ammalaaahaa</controlfield>
  <controlfield tag="008">100913t        xxu||||| |||| 00| 0 hin d</controlfield>
  <datafield tag="028" ind1=" " ind2=" ">
    <subfield code="a">TAE. 1028</subfield>
    <subfield code="b">ODEON</subfield>
  </datafield>
  <datafield tag="035" ind1=" " ind2=" ">
    <subfield code="a">GR-02380</subfield>
  </datafield>
  <datafield tag="040" ind1=" " ind2=" ">
    <subfield code="a">SED/VEN</subfield>
  </datafield>
  <datafield tag="100" ind1=" " ind2=" ">
    <subfield code="a">Mohd. Rafi</subfield>
    <subfield code="9">19606</subfield>
  </datafield>
  <datafield tag="245" ind1=" " ind2=" ">
    <subfield code="a">Kala bazar /</subfield>
    <subfield code="c">by  Mohd. Rafi  ; music by S. D. Burman ; lyric by Shailendra</subfield>
    <subfield code="h">[sound recording] :</subfield>
  </datafield>
  <datafield tag="246" ind1=" " ind2=" ">
    <subfield code="a">&#x915;&#x93E;&#x932;&#x93E; &#x92C;&#x93E;&#x91C;&#x93C;&#x93E;&#x930; (&#x92E;&#x94B;&#x939;&#x92E;&#x926;. &#x930;&#x92B;&#x93C;&#x940; )</subfield>
  </datafield>
  <datafield tag="260" ind1=" " ind2=" ">
    <subfield code="a">Dum Dum, India</subfield>
    <subfield code="b">ODEON</subfield>
    <subfield code="c">n. d. </subfield>
  </datafield>
  <datafield tag="300" ind1=" " ind2=" ">
    <subfield code="a">1 sound disc [Gramophone record] :</subfield>
    <subfield code="b">analog, 45 rpm</subfield>
    <subfield code="c">7 in. </subfield>
    <subfield code="f">Gramophone record</subfield>
  </datafield>
  <datafield tag="500" ind1=" " ind2=" ">
    <subfield code="a">Brief record.</subfield>
  </datafield>
  <datafield tag="500" ind1=" " ind2=" ">
    <subfield code="a">ODEON</subfield>
  </datafield>
  <datafield tag="500" ind1=" " ind2=" ">
    <subfield code="a">Black</subfield>
  </datafield>
  <datafield tag="500" ind1=" " ind2=" ">
    <subfield code="a">Extended Play</subfield>
  </datafield>
  <datafield tag="505" ind1=" " ind2=" ">
    <subfield code="a">Part 1 Khoya khoya chand (Mohd. Rafi) &#x916;&#x94B;&#x92F;&#x93E; &#x916;&#x94B;&#x92F;&#x93E; &#x91A;&#x93E;&#x901;&#x926;, Part 2  Apni to har aah &#x905;&#x92A;&#x928;&#x940; &#x924;&#x94B; &#x939;&#x930; &#x906;&#x939; </subfield>
    <subfield code="r">   </subfield>
  </datafield>
  <datafield tag="650" ind1=" " ind2=" ">
    <subfield code="a">Classical Music</subfield>
    <subfield code="x">Excerpts</subfield>
    <subfield code="z">India</subfield>
    <subfield code="9">19607</subfield>
  </datafield>
  <datafield tag="700" ind1=" " ind2=" ">
    <subfield code="a">Burman, S. D.</subfield>
    <subfield code="9">1184</subfield>
  </datafield>
  <datafield tag="700" ind1=" " ind2=" ">
    <subfield code="a">Shailendra</subfield>
    <subfield code="9">19798</subfield>
  </datafield>
  <datafield tag="942" ind1=" " ind2=" ">
    <subfield code="2">ddc</subfield>
    <subfield code="c">GR</subfield>
  </datafield>
  <datafield tag="999" ind1=" " ind2=" ">
    <subfield code="c">45596</subfield>
    <subfield code="d">45596</subfield>
  </datafield>
  <datafield tag="952" ind1=" " ind2=" ">
    <subfield code="0">0</subfield>
    <subfield code="1">0</subfield>
    <subfield code="2">ddc</subfield>
    <subfield code="4">0</subfield>
    <subfield code="7">1</subfield>
    <subfield code="a">L</subfield>
    <subfield code="b">L</subfield>
    <subfield code="d">2010-09-14</subfield>
    <subfield code="e">SED/VEN</subfield>
    <subfield code="l">0</subfield>
    <subfield code="p">GR-02380</subfield>
    <subfield code="r">2010-09-14 00:00:00</subfield>
    <subfield code="t">1</subfield>
    <subfield code="w">2010-09-14</subfield>
    <subfield code="y">GR</subfield>
  </datafield>
</record>
